000 03768nam a22003497a 4500
005 20120213111141.0
010 _aB-476166-176
020 _c250.00
_a9788190557474
035 _aB-476166-176
037 _bब्लूबेरी बुक्स
082 _a333.9116
100 _aभाटिया, सुदर्शन
_952228
245 _aघटता जलःकारण और निवारण /
_cसुदर्शन भाटिया
260 _aनई दिल्ली
_bसंस्कार साहित्य
_c2011
270 _a52/45, प्रथम तल, रवि नगर
_bनई दिल्ली
_e110018
300 _a144पृ.
_c22सेमी (सजिल्द)
700 _941659
942 _2ddc
_cCH
_mभाटिया
_h333.9116
999 _c62592
_d62592